00699nam a2200205Ia 450000500170000000800410001702000220005804100080008008200150008810000220010324500650012526000390019030000090022950000280023865000360026670000220030294200070032499900170033195201450034820251120191647.0230125s9999 xx 000 0 und d a978-81-317-0008-2 aeng a158.1bTEM aTemplar R9215183 aThe Rules of Work : The Definitive Code for Personal Success c2009bPearson EducationaNew Delhi a219p aPersonality Development aPersonality Development9213420 aTemplar R9215183 cDB c92799d92799 00104070aHIMRbHIMRd2009-03-19eSatya Gilanil1o158.1 TEM DB1473pHIMR-DB-1473r2025-02-27 00:00:00s2025-02-21w2009-03-18yDBzDB1473